000 00476nam a2200181Ia 4500
001 4516
005 20260306145801.0
008 260306t1998||||xx |||||||||||||| ||spa||
041 _aESP
082 _a323.6
_bV19
100 _aValdivia Cano, Ramiro
_eAUT
245 0 _aDerechos ciudadanos:
_bcomentarios acerca de la Constitución Política del Perú
260 _c1998
300 _a294 páginas :
_c29 cm.
650 _aGEN
654 _aCHU
942 _cLIB
_dJUS
_fJUS
_2ddc
_n
999 _c4516
_d4516